000 01127nas a2200373 4500
001 BR0302301
003 BR-BrBNA
005 20231205103751.0
007 ta
008 230509b bl.|||p| |||| 00| 00por d
040 _aBR-BrBNA
_bpor
_cBiblioteca Nacional de Agricultura
041 _a(Pt)
072 _aP34; P33
100 1 _aLavorenti, A.
100 1 _aRocha, A.A.
100 1 _aPrata, F.
100 1 _aRegitano, J.B.
100 1 _aTornisielo, V.L.
100 1 _aPinto, O.B.
245 1 _aComportamento do diclosulam em amostras de um latossolo vermelho distroférrico sob plantio direto e convencional
650 _aLATOSSOLO VERMELHO
650 _aAMOSTRAGEM
650 _aHERBICIDA
650 _aDETERIORAÇÃO DO SOLO
650 _aSORÇÃO
650 _aMINERALIZAÇÃO
650 _aPLANTIO DIRETO
650 _aMODELO MATEMÁTICO
650 _aMINERALOGIA
650 _aANÁLISE DO SOLO
773 0 _tRevista Brasileira de Ciência do Solo (Brazil)
_xISSN 0100-0683
_g(Jan-Feb 2003), v. 27(1) p. 183-190
_wBR0302301
909 _a202311
_bLúcia
_c55
_dLúcia Elande
942 _2AGRIS
_n0
_cANA
999 _c174618
_d174618